Statistics for Countries of the World - By Official Names (Insanity Level: 9999)

Click here to take the quiz!

General Stats

  • This quiz has been taken 4,059 times
  • The average score is 66 of 196

Answer Stats

Answer% Correct
B{osnia} {and} H{erzegovina}
72%
U{nited} K{ingdom} {of} G{reat} B{ritain} {and} N{orthern} I{reland}
66%
U{nited} S{tates} {of} A{merica}
66%
C{zech} R{epublic}
63%
I{reland}
63%
K{ingdom} {of} D{enmark}
63%
K{ingdom} {of} N{orway}
61%
K{ingdom} {of} S{weden}
60%
H{ungary}
59%
K{ingdom} {of} B{elgium}
58%
K{ingdom} {of} S{pain}
57%
R{epublic} {of} E{stonia}
57%
R{epublic} {of} L{atvia}
57%
R{epublic} {of} L{ithuania}
57%
K{ingdom} {of} {the} N{etherlands}
56%
R{epublic} {of} F{inland}
56%
R{epublic} {of} N{orth} M{acedonia}
55%
R{epublic} {of} S{an} M{arino}
55%
F{rench} R{epublic}
54%
R{epublic} {of} C{roatia}
54%
R{epublic} {of} K{osovo}
54%
U{kraine}
53%
R{epublic} {of} I{celand}
52%
R{epublic} {of} A{lbania}
51%
R{epublic} {of} M{alta}
51%
R{epublic} {of} P{oland}
51%
D{emocratic} P{eople's} R{epublic} {of} K{orea}
50%
R{epublic} {of} B{elarus}
50%
R{epublic} {of} B{ulgaria}
50%
R{epublic} {of} S{lovenia}
50%
R{ussian} F{ederation}
50%
C{anada}
49%
R{epublic} {of} S{erbia}
49%
J{apan}
48%
R{epublic} {of} A{ustria}
48%
V{atican} C{ity} S{tate}
48%
D{emocratic} R{epublic} {of} {the} C{ongo}
47%
J{amaica}
46%
R{epublic} {of} M{oldova}
46%
R{omania}
46%
F{ederal} R{epublic} {of} G{ermany}
45%
N{ew} Z{ealand}
45%
U{nited} A{rab} E{mirates}
45%
P{eople's} R{epublic} {of} C{hina}
44%
A{ntigua} {and} B{arbuda}
43%
B{arbados}
43%
D{ominican} R{epublic}
43%
R{epublic} {of} P{eru}
43%
B{elize}
42%
R{epublic} {of} C{hile}
42%
R{epublic} {of} E{cuador}
42%
R{epublic} {of} H{aiti}
42%
R{epublic} {of} H{onduras}
42%
R{epublic} {of} P{anama}
42%
R{epublic} {of} P{araguay}
42%
M{ontenegro}
41%
R{epublic} {of} C{olombia}
41%
R{epublic} {of} C{osta} R{ica}
41%
R{epublic} {of} N{icaragua}
41%
R{epublic} {of} S{uriname}
41%
G{renada}
40%
R{epublic} {of} E{l} S{alvador}
40%
R{epublic} {of} F{iji}
40%
R{epublic} {of} G{uatemala}
40%
R{epublic} {of} {the} C{ongo}
40%
C{entral} A{frican} R{epublic}
39%
F{ederated} S{tates} {of} M{icronesia}
39%
R{epublic} {of} C{uba}
39%
R{epublic} {of} N{auru}
39%
R{epublic} {of} P{alau}
39%
S{aint} L{ucia}
39%
T{uvalu}
39%
I{talian} R{epublic}
38%
R{epublic} {of} C{hina}
38%
R{epublic} {of} G{uinea}
38%
R{epublic} {of} K{iribati}
38%
R{epublic} {of} T{rinidad} {and} T{obago}
38%
S{aint} V{incent} {and} {the} G{renadines}
38%
G{rand} D{uchy} {of} L{uxembourg}
37%
P{rincipality} {of} A{ndorra}
37%
P{rincipality} {of} M{onaco}
37%
P{rincipality} {of} L{iechtenstein}
36%
R{epublic} {of} G{uinea}-B{issau}
36%
R{epublic} {of} K{enya}
36%
R{epublic} {of} M{ali}
36%
R{epublic} {of} V{anuatu}
36%
R{epublic} {of} Z{ambia}
36%
R{epublic} {of} Z{imbabwe}
36%
B{urkina} F{aso}
35%
R{epublic} {of} A{rmenia}
35%
K{ingdom} {of} S{audi} A{rabia}
34%
R{epublic} {of} N{iger}
34%
R{epublic} {of} U{ganda}
34%
R{epublic} {of} I{ndia}
33%
R{epublic} {of} K{orea}
33%
R{epublic} {of} S{outh} A{frica}
33%
R{epublic} {of} {the} M{arshall} I{slands}
33%
K{ingdom} {of} B{hutan}
32%
R{epublic} {of} A{ngola}
32%
R{epublic} {of} B{enin}
32%
R{epublic} {of} C{had}
32%
R{epublic} {of} C{ôte} d'{Ivoire}
32%
R{epublic} {of} G{hana}
32%
R{epublic} {of} R{wanda}
32%
R{epublic} {of} S{outh} S{udan}
32%
U{nited} M{exican} S{tates}
32%
C{ommonwealth} {of} A{ustralia}
31%
D{emocratic} R{epublic} {of} T{imor}-L{este}
31%
R{epublic} {of} A{zerbaijan}
31%
R{epublic} {of} E{quatorial} G{uinea}
31%
S{olomon} I{slands}
31%
I{slamic} R{epublic} {of} I{ran}
30%
K{ingdom} {of} B{ahrain}
30%
K{ingdom} {of} T{onga}
30%
R{epublic} {of} B{urundi}
30%
R{epublic} {of} S{ierra} L{eone}
30%
R{epublic} {of} Y{emen}
30%
K{ingdom} {of} e{Swatini}
29%
P{ortuguese} R{epublic}
29%
R{epublic} {of} B{otswana}
29%
R{epublic} {of} D{jibouti}
29%
R{epublic} {of} I{raq}
29%
R{epublic} {of} K{azakhstan}
29%
R{epublic} {of} L{iberia}
29%
R{epublic} {of} M{ozambique}
29%
R{epublic} {of} N{amibia}
29%
S{lovak} R{epublic}
29%
K{ingdom} {of} L{esotho}
28%
K{ingdom} {of} T{hailand}
28%
R{epublic} {of} I{ndonesia}
28%
R{epublic} {of} M{alawi}
28%
R{epublic} {of} T{urkey}
28%
H{ellenic} R{epublic}
27%
R{epublic} {of} C{ameroon}
27%
R{epublic} {of} M{adagascar}
27%
R{epublic} {of} U{zbekistan}
27%
A{rgentine} R{epublic}
26%
G{eorgia}
26%
K{ingdom} {of} C{ambodia}
26%
K{ingdom} {of} M{orocco}
26%
R{epublic} {of} M{auritius}
26%
T{urkmenistan}
26%
D{emocratic} R{epublic} {of} S{ão} T{omé} {and} P{ríncipe}
25%
I{slamic} R{epublic} {of} P{akistan}
25%
R{epublic} {of} {the} G{ambia}
25%
S{wiss} C{onfederation}
25%
R{epublic} {of} C{abo} V{erde}
24%
R{epublic} {of} S{enegal}
24%
R{epublic} {of} T{ajikistan}
24%
C{ommonwealth} {of} {the} B{ahamas}
23%
M{alaysia}
23%
R{epublic} {of} T{unisia}
23%
C{ommonwealth} {of} D{ominica}
22%
I{slamic} R{epublic} {of} A{fghanistan}
22%
R{epublic} {of} C{yprus}
22%
A{rab} R{epublic} {of} E{gypt}
21%
M{ongolia}
21%
S{ultanate} {of} O{man}
20%
F{ederal} R{epublic} {of} N{igeria}
19%
R{epublic} {of} S{eychelles}
19%
R{epublic} {of} S{ingapore}
19%
R{epublic} {of} {the} P{hilippines}
19%
S{tate} {of} Q{atar}
19%
P{eople's} D{emocratic} R{epublic} {of} A{lgeria}
18%
F{ederal} D{emocratic} R{epublic} {of} E{thiopia}
17%
I{ndependent} S{tate} {of} P{apua} N{ew} G{uinea}
17%
L{ao} P{eople's} D{emocratic} R{epublic}
17%
S{tate} {of} I{srael}
17%
B{olivarian} R{epublic} {of} V{enezuela}
16%
P{eople's} R{epublic} {of} B{angladesh}
16%
R{epublic} {of} M{aldives}
16%
S{tate} {of} K{uwait}
16%
D{emocratic} S{ocialist} R{epublic} {of} S{ri} L{anka}
15%
I{ndependent} S{tate} {of} S{amoa}
15%
I{slamic} R{epublic} {of} M{auritania}
15%
S{ocialist} R{epublic} {of} V{ietnam}
15%
U{nited} R{epublic} {of} T{anzania}
15%
F{ederal} D{emocratic} R{epublic} {of} N{epal}
14%
F{ederal} R{epublic} {of} S{omalia}
14%
H{ashemite} K{ingdom} {of} J{ordan}
14%
R{epublic} {of} {the} S{udan}
14%
F{ederation} {of} S{aint} C{hristopher} {and} N{evis}
13%
P{lurinational} S{tate} {of} B{olivia}
12%
S{tate} {of} E{ritrea}
12%
S{yrian} A{rab} R{epublic}
12%
K{yrgyz} R{epublic}
11%
L{ebanese} R{epublic}
11%
O{riental} R{epublic} {of} U{ruguay}
11%
S{tate} {of} L{ibya}
11%
F{ederative} R{epublic} {of} B{razil}
10%
G{abonese} R{epublic}
10%
U{nion} {of} {the} C{omoros}
10%
T{ogolese} R{epublic}
9%
R{epublic} {of} {the} U{nion} {of} M{yanmar}
8%
C{o-operative} R{epublic} {of} G{uyana}
7%
N{ation} {of} B{runei}, A{bode} {of} P{eace}
7%

Score Distribution

Percentile by Number Answered

Percent of People with Each Score

Your Score History

You have not taken this quiz